| 000 | 00324nam a22001217a 4500 | ||
|---|---|---|---|
| 008 | 160503b xxu||||| |||| 00| 0 eng d | ||
| 020 | _a9780815123897 | ||
| 020 | _a081512389 | ||
| 041 | _aeng | ||
| 080 | _a61 | ||
| 245 |
_aHealth Promotion throughout the lifespan: _cCarole Lium Edelman; Carol Lynn Mandle; |
||
| 942 |
_2udc _cBK |
||
| 999 |
_c1749 _d1749 |
||